Movies Quiz

Random Movies or Box Office Quiz
Score 0/50 Timer 08:00
1 Play Today
Year % Correct
Box Office ChampionTitanic
84%
Oscar Best PictureTitanic
84%
Box Office ChampionAvatar
78.1%
Box Office ChampionAvengers: Endgame
77.5%
Oscar Best PictureParasite
73.1%
Box Office ChampionThe Avengers
65%
Box Office ChampionThe Lord of the Rings: The Return of the King
61.9%
Oscar Best PictureThe Lord of the Rings: The Return of the King
61.9%
Oscar Best PictureThe Shape of Water
60.1%
Oscar Best PictureGreen Book
60.1%
Oscar Best PictureThe Artist
57.2%
Oscar Best PictureThe Hurt Locker
56.6%
Oscar Best PictureCrash
55.8%
Oscar Best PictureArgo
54.9%
Oscar Best Picture12 Years a Slave
54.2%
Oscar Best PictureBirdman: Or (The Unexpected Virtue of Ignorance)
53.5%
Oscar Best PictureGladiator
52.6%
Box Office ChampionThe Dark Knight
52.4%
Oscar Best PictureThe Departed
48.9%
Box Office ChampionToy Story
48.7%
Oscar Best PictureMoonlight
48.4%
Box Office ChampionBlack Panther
48.4%
Oscar Best PictureThe King's Speech
48.4%
Oscar Best PictureShakespeare in Love
47.1%
Oscar Best PictureSlumdog Millionaire
47.1%
Year % Correct
Oscar Best PictureAmerican Beauty
45.3%
Oscar Best PictureNo Country for Old Men
44.2%
Oscar Best PictureChicago
43.1%
Box Office ChampionSpider-Man
42.7%
Box Office ChampionStar Wars: Episode VIII - The Last Jedi
42.7%
Oscar Best PictureMillion Dollar Baby
41.7%
Oscar Best PictureA Beautiful Mind
41.7%
Oscar Best PictureBraveheart
41.6%
Box Office ChampionToy Story 3
41.2%
Oscar Best PictureThe English Patient
40.2%
Box Office ChampionStar Wars: Episode I - The Phantom Menace
37.9%
Box Office ChampionStar Wars: Episode III - The Revenge of the Sith
34.8%
Box Office ChampionSpider-Man 3
30.7%
Box Office ChampionHarry Potter and the Deathly Hallows Part 2
30.3%
Box Office ChampionStar Wars: Episode VII - The Force Awakens
30.3%
Box Office ChampionSaving Private Ryan
30.2%
Oscar Best PictureSpotlight
30.1%
Box Office ChampionHarry Potter and the Sorcerer's Stone
27.9%
Box Office ChampionShrek 2
27.4%
Box Office ChampionPirates of the Caribbean: Dead Man's Chest
22%
Box Office ChampionIndependence Day
21.4%
Box Office ChampionThe Hunger Games: Catching Fire
20.4%
Box Office ChampionRogue One: A Star Wars Story
15.9%
Box Office ChampionAmerican Sniper
15.8%
Box Office ChampionHow the Grinch Stole Christmas
6.2%
Come Together.
Have Fun.
All Virtual.
We all need to come together. Play Sporcle's virtual live trivia to have fun, connect with people, and get your trivia on. Join a live hosted trivia game for your favorite pub trivia experience done virtually. If a virtual private party is more your thing, go here for details.

You're not logged in!

Compare scores with friends on all Sporcle quizzes.
OR
Log In

Sporcle TV

Today on Sporcle TV


Watch our educational content, quiz creation guides, and fun videos on Sporcle TV.

Show Comments

Extras

Top Quizzes Today


Score Distribution

Paid Content

Your Account Isn't Verified!

In order to create a playlist on Sporcle, you need to verify the email address you used during registration. Go to your Sporcle Settings to finish the process.

Report this User

Report this user for behavior that violates our Community Guidelines.

Details: